[Event "Paris-ch Open B"]
[Site "Paris"]
[Date "2011.07.07"]
[Round "6.7"]
[White "Jacq, Rene"]
[Black "Leclerc, Arnaud"]
[Result "1-0"]
[WhiteElo "1772"]
[BlackElo "1883"]
[PlyCount "79"]

1. d4 f5 2. c4 e6 3. Nf3 Nf6 4. Bg5 Be7 5. e3 d5 6. Nc3 c6 7. Bxf6 Bxf6 8. Qb3
O-O 9. Rd1 Kh8 10. Bd3 Qc7 11. Rc1 Qe7 12. O-O g5 13. Ne5 Qg7 14. f4 Rg8 15.
Qc2 Na6 16. a3 Nc7 17. g3 dxc4 18. Bxc4 Nd5 19. Nxd5 exd5 20. Bd3 gxf4 21. exf4
Bd8 22. Bxf5 Bb6 23. Rcd1 Bxf5 24. Qxf5 Raf8 25. Qd7 Qf6 26. Qxb7 Rg7 27. Qxc6
Qd8 28. Qh6 Rf6 29. Qh3 Kg8 30. Rf2 Qc7 31. Kg2 a5 32. Rdd2 Qa7 33. Qc8+ Rf8
34. Qe6+ Kh8 35. Qxd5 Rd8 36. Qe4 Qe7 37. Rfe2 Qf6 38. d5 Rdg8 39. Rd3 h5 40.
Rc2 1-0

[Event "Paris-ch Open B"]
[Site "Paris"]
[Date "2011.07.07"]
[Round "6.8"]
[White "Tran-Tu, Kieu"]
[Black "Belardello, Mario-Jovani"]
[Result "0-1"]
[WhiteElo "1729"]
[BlackElo "1877"]
[PlyCount "40"]

1. c4 c6 2. Nc3 d5 3. cxd5 cxd5 4. d4 Nf6 5. g3 Nc6 6. Bg2 a6 7. Nf3 e6 8. O-O
Be7 9. b3 O-O 10. Bg5 b5 11. Rc1 Bb7 12. Re1 Rc8 13. h3 Ba3 14. Rb1 Qa5 15. Qd2
Bb4 16. Bxf6 gxf6 17. Rec1 Ne7 18. Qh6 Rxc3 19. Qxf6 Ng6 20. h4 Be7 0-1

[Event "Paris-ch Open B"]
[Site "Paris"]
[Date "2011.07.07"]
[Round "6.9"]
[White "Jacq, Philippe"]
[Black "Durand, Sylvain"]
[Result "*"]
[WhiteElo "1724"]
[BlackElo "1873"]
[PlyCount "68"]

1. e4 c5 2. Nf3 Nc6 3. d4 cxd4 4. Nxd4 Nf6 5. Nc3 e5 6. Ndb5 d6 7. Bg5 a6 8.
Bxf6 gxf6 9. Na3 Be6 10. Bc4 b5 11. Bxe6 fxe6 12. Qh5+ Ke7 13. Ne2 Qe8 14. Qh3
Qg6 15. f3 Bh6 16. O-O Be3+ 17. Kh1 Bc5 18. Nb1 Nb4 19. Na3 Rac8 20. Rfd1 Nc6
21. Nb1 Nb4 22. Na3 Bb6 23. c3 Nc6 24. Nc2 Rhd8 25. Rd2 Na5 26. b3 h6 27. Rad1
Nb7 28. f4 Nc5 29. fxe5 dxe5 30. Ng3 Qg5 31. Rxd8 Rxd8 32. Rf1 Nd3 33. Qh5 Nf2+
34. Kg1 Nxe4+ *

[Event "Paris-ch Open B"]
[Site "Paris"]
[Date "2011.07.07"]
[Round "6.10"]
[White "Ettayeb, Jemchid"]
[Black "Duget, Long Jc"]
[Result "0-1"]
[WhiteElo "1722"]
[BlackElo "1870"]
[PlyCount "142"]

1. e4 c5 2. c3 g6 3. d4 cxd4 4. cxd4 Bg7 5. f4 d5 6. e5 Nh6 7. Nc3 Nc6 8. h3
Nf5 9. Nge2 h5 10. Qd3 a6 11. a3 b5 12. g4 hxg4 13. Bg2 e6 14. hxg4 Rxh1+ 15.
Bxh1 Qh4+ 16. Kd2 Qxh1 17. gxf5 gxf5 18. Qg3 Qh6 19. b4 Bd7 20. Kd3 O-O-O 21.
Bd2 Rh8 22. Kc2 Bf8 23. Rg1 Ne7 24. Qf3 Qh5 25. Qd3 Nc6 26. Kb3 Kb7 27. Ng3 Qg4
28. Rc1 Rh3 29. Nce2 Rh2 30. Nc3 Rg2 31. Nge2 Rxe2 32. Nxe2 Qxe2 33. Qe3 Qg2
34. Bc3 Qe4 35. Re1 Qxe3 36. Rxe3 Kc7 37. Rh3 Be7 38. Kc2 Be8 39. Kd3 Na7 40.
Be1 Nc8 41. Bh4 Bxh4 42. Rxh4 Nb6 43. Rh1 Nc4 44. Ra1 Kd8 45. Ra2 Ke7 46. Rh2
a5 47. bxa5 Nxa5 48. Kc3 Nc4 49. Kb4 Ne3 50. Kc5 Nc4 51. Kb4 Ne3 52. Kc5 Ng4
53. Rh1 Nf2 54. Rf1 Ne4+ 55. Kb4 f6 56. Rh1 fxe5 57. Rh7+ Kd6 58. fxe5+ Kc6 59.
a4 bxa4 60. Kxa4 f4 61. Ka5 Bg6 62. Rh1 f3 63. Rc1+ Kd7 64. Kb6 f2 65. Rf1 Bf5
66. Rc1 Ke7 67. Rc7+ Kf8 68. Kb7 f1=Q 69. Rc6 Qb5+ 70. Rb6 Qc4 71. Rc6 Qxd4 0-1

[Event "Paris-ch Open B"]
[Site "Paris"]
[Date "2011.07.08"]
[Round "7.1"]
[White "Bourcier, Laurent"]
[Black "Bazzazi, Elnaz"]
[Result "1/2-1/2"]
[WhiteElo "1838"]
[BlackElo "1711"]
[PlyCount "148"]
[EventDate "2011.07.??"]

1. d4 d5 2. c4 c6 3. Nf3 e6 4. Nc3 Bd6 5. e4 Ne7 6. e5 Bc7 7. h4 Nd7 8. c5 f6
9. Bf4 Ng6 10. Bg3 fxe5 11. h5 Ne7 12. Ng5 Nf8 13. dxe5 h6 14. Nf3 Nf5 15. Bh4
Nxh4 16. Rxh4 Bxe5 17. Qd3 Bf6 18. Rb4 e5 19. O-O-O Qa5 20. Rb3 Qxc5 21. Kb1 e4
22. Qe2 Bf5 23. Rxb7 Bxc3 24. bxc3 Qxc3 25. Nd4 Bh7 26. Nc2 Ne6 27. Qg4 Nc5 28.
Qxg7 Qxg7 29. Rxg7 Ne6 30. Rb7 O-O 31. Ne3 Rxf2 32. Ka1 Raf8 33. Ba6 R8f7 34.
Rxf7 Kxf7 35. Bb7 Re2 36. Ng4 Rxg2 37. Ne5+ Kf6 38. Nxc6 e3 39. Nb4 Rd2 40.
Nxd5+ Rxd5 41. Bxd5 e2 42. Re1 Nd4 43. Kb2 Bd3 44. Kc3 Nc2 45. Kxd3 Nxe1+ 46.
Kxe2 Nc2 47. Kf3 a5 48. a4 Kg5 49. Bf7 Nd4+ 50. Ke4 Nf5 51. Kd5 Ng7 52. Kc5
Nxh5 53. Kb5 Ng7 54. Kxa5 Kf6 55. Bc4 Ne8 56. Kb6 Nd6 57. Be2 Ke6 58. a5 h5 59.
a6 Kd7 60. Bxh5 Nc8+ 61. Kb7 Nd6+ 62. Kb8 Nb5 63. Be2 Nc7 64. a7 Kd8 65. Bb5
Nxb5 66. a8=Q Nd6 67. Qa5+ Kd7 68. Qd5 Ke7 69. Kc7 Ne8+ 70. Kc6 Nf6 71. Qe5+
Kf7 72. Kd6 Ne8+ 73. Kd7 Nf6+ 74. Qxf6+ Kxf6 1/2-1/2

[Event "Paris-ch Open B"]
[Site "Paris"]
[Date "2011.07.08"]
[Round "7.2"]
[White "Chang, Xavier"]
[Black "Bonneville, Thaymour"]
[Result "1/2-1/2"]
[WhiteElo "1897"]
[BlackElo "1864"]
[PlyCount "124"]
[EventDate "2011.07.??"]

1. Nf3 Nf6 2. d4 d5 3. e3 Bf5 4. c4 c6 5. cxd5 cxd5 6. Qb3 Qc7 7. Bd2 Nc6 8.
Nc3 e6 9. Nh4 Bg6 10. Nxg6 hxg6 11. h3 a6 12. Rc1 Bb4 13. a3 Bxc3 14. Bxc3 O-O
15. Bd3 b5 16. O-O Nd7 17. Bb4 Rfc8 18. Qd1 Qb6 19. Bc5 Nxc5 20. dxc5 Qc7 21.
b4 Ne5 22. f4 Nc4 23. Bxc4 dxc4 24. Qf3 a5 25. Rfd1 axb4 26. axb4 Ra4 27. Rb1
Rd8 28. Rxd8+ Qxd8 29. Rd1 Qc7 30. Rb1 c3 31. Rc1 Rxb4 32. Qa8+ Kh7 33. Rxc3
Ra4 34. Qe8 Qa5 35. Rd3 Ra1+ 36. Kh2 Qe1 37. Qxb5 Qg1+ 38. Kg3 Ra2 39. Qc6 Rc2
40. Qf3 Qe1+ 41. Kh2 Rxc5 42. Rd1 Qc3 43. Rd7 Rf5 44. Rd8 e5 45. Qf2 Qc7 46. g4
Qxd8 47. gxf5 gxf5 48. fxe5 g6 49. Qf4 Qd2+ 50. Kg1 Qe1+ 51. Kg2 Qe2+ 52. Kg1
Qd1+ 53. Kg2 Qd5+ 54. Kg1 Qe4 55. Qg3 Kg8 56. Kf2 Kf8 57. Qf4 Qxf4+ 58. exf4
Ke7 59. Ke3 f6 60. exf6+ Kxf6 61. h4 Ke6 62. Kd4 Kd6 1/2-1/2

[Event "Paris-ch Open B"]
[Site "Paris"]
[Date "2011.07.08"]
[Round "7.3"]
[White "Stark, Gabriel"]
[Black "Dimitrijevic, Dragan"]
[Result "1-0"]
[WhiteElo "1786"]
[BlackElo "1884"]
[PlyCount "113"]
[EventDate "2011.07.??"]

1. d4 Nf6 2. c4 g6 3. Nc3 d5 4. Bg5 Ne4 5. Nf3 Nxg5 6. Nxg5 Bg7 7. cxd5 e6 8.
Nf3 exd5 9. e3 O-O 10. b4 a5 11. b5 c5 12. bxc6 bxc6 13. Na4 Qe7 14. Be2 Nd7
15. Rc1 Nb6 16. O-O Nxa4 17. Qxa4 Bd7 18. Rc5 Rfb8 19. Rfc1 Qd8 20. Qc2 Bf8 21.
Rc3 f6 22. Rb3 Rxb3 23. axb3 Rb8 24. Ne1 Qb6 25. Bd1 Ba3 26. Ra1 Bf5 27. Nd3
Qb5 28. Rxa3 Bxd3 29. Qc3 Qb4 30. Qxb4 axb4 31. Ra7 Rc8 32. Bf3 Kh8 33. h3 f5
34. Rb7 Bb5 35. Bxd5 Ba6 36. Rb6 cxd5 37. Rxa6 Rc3 38. Rd6 Rxb3 39. Rxd5 Rb1+
40. Kh2 b3 41. Rd7 b2 42. Rb7 Kg8 43. Kg3 Kf8 44. Kf3 Ke8 45. g3 Kd8 46. Kf4
Kc8 47. Rb3 Kc7 48. Ke5 Kc6 49. h4 h6 50. Rb4 Ra1 51. Rxb2 Ra6 52. Rc2+ Kd7 53.
d5 h5 54. Rb2 Kc7 55. d6+ Kc8 56. Ke6 Rc6 57. Ke7 1-0

[Event "Paris-ch Open B"]
[Site "Paris"]
[Date "2011.07.08"]
[Round "7.4"]
[White "Belardello, Mario-Jovani"]
[Black "Schmit, Vincent"]
[Result "1/2-1/2"]
[WhiteElo "1877"]
[BlackElo "1808"]
[PlyCount "26"]
[EventDate "2011.07.??"]

1. Nf3 Nf6 2. c4 g6 3. g3 Bg7 4. Bg2 c5 5. Nc3 Nc6 6. O-O O-O 7. d4 cxd4 8.
Nxd4 Qb6 9. Nf3 d6 10. a3 Na5 11. Nd2 Be6 12. Nd5 Nxd5 13. cxd5 Bd7 1/2-1/2

[Event "Paris-ch Open B"]
[Site "Paris"]
[Date "2011.07.08"]
[Round "7.5"]
[White "Durand, Sylvain"]
[Black "Succar, Marc"]
[Result "1/2-1/2"]
[WhiteElo "1873"]
[BlackElo "1781"]
[PlyCount "92"]
[EventDate "2011.07.??"]

1. e4 e5 2. f4 d5 3. exd5 e4 4. d3 Qxd5 5. Qe2 Nf6 6. Nc3 Bb4 7. Bd2 Bxc3 8.
Bxc3 Qf5 9. Bxf6 Qxf6 10. Qxe4+ Kf8 11. O-O-O Nc6 12. g3 Bf5 13. Qc4 Rd8 14.
Bg2 Rd6 15. Bh3 h5 16. Bxf5 Qxf5 17. Nf3 Rhh6 18. Rde1 Rd5 19. Ne5 Rhd6 20. Qe4
Qxe4 21. Rxe4 Nxe5 22. Rxe5 Rxe5 23. fxe5 Rd5 24. Re1 Ke7 25. Re4 c5 26. Kd2
Ke6 27. Ke3 Rxe5 28. c3 g5 29. h4 gxh4 30. gxh4 f6 31. d4 cxd4+ 32. cxd4 Rxe4+
33. Kxe4 b5 34. d5+ Kd6 35. Kf5 b4 36. Kg6 Kxd5 37. Kxh5 Ke4 38. Kg6 f5 39. h5
f4 40. h6 f3 41. h7 f2 42. h8=Q f1=Q 43. Qa8+ Ke5 44. Qb8+ Ke6 45. Qg8+ Kd6 46.
Qb8+ Ke6 1/2-1/2

[Event "Paris-ch Open B"]
[Site "Paris"]
[Date "2011.07.08"]
[Round "7.6"]
[White "Duget, Long Jc"]
[Black "Jacq, Rene"]
[Result "1-0"]
[WhiteElo "1870"]
[BlackElo "1772"]
[PlyCount "83"]
[EventDate "2011.07.??"]

1. e4 e5 2. Nf3 d6 3. d4 exd4 4. Nxd4 Nf6 5. Nc3 Be7 6. Be2 O-O 7. O-O Nbd7 8.
Nf5 Nc5 9. Ng3 c6 10. Bf3 Be6 11. Re1 Qc7 12. Bf4 Ncd7 13. Nf5 Bxf5 14. exf5
Ne5 15. g4 h6 16. h3 Rfe8 17. Bg2 Nh7 18. Bg3 Rad8 19. Rb1 Bf6 20. Ne4 Qa5 21.
Nxf6+ gxf6 22. h4 d5 23. b4 Qxa2 24. Bf4 Qc4 25. Qd2 Qb5 26. Bxe5 Rxe5 27. Rxe5
fxe5 28. Qxh6 f6 29. g5 fxg5 30. hxg5 Nf8 31. g6 Qe2 32. f6 Rd7 33. f7+ Rxf7
34. gxf7+ Kxf7 35. Rb3 Ne6 36. Rg3 Ke7 37. Bh3 Qe1+ 38. Bf1 Qxb4 39. Rg6 Nd8
40. Qg5+ Kd7 41. Qxe5 Qh4 42. Rg7+ 1-0

[Event "Paris-ch Open B"]
[Site "Paris"]
[Date "2011.07.08"]
[Round "7.7"]
[White "Taramelli, Marc"]
[Black "Nacer, Mohamed Arezki"]
[Result "1-0"]
[WhiteElo "1853"]
[BlackElo "1409"]
[PlyCount "91"]
[EventDate "2011.07.??"]

1. e4 e5 2. Nf3 Nc6 3. Bc4 Bc5 4. c3 Nf6 5. d4 exd4 6. cxd4 Bb4+ 7. Nc3 Nxe4 8.
O-O Bxc3 9. d5 Ne7 10. bxc3 O-O 11. Re1 Nxc3 12. Qd3 b5 13. Bb3 b4 14. Bg5 Re8
15. d6 cxd6 16. Qxd6 Kf8 17. Qxb4 f6 18. Qxc3 fxg5 19. Nxg5 d5 20. Qf3+ Kg8 21.
Qf7+ Kh8 22. Bxd5 h6 23. Bxa8 Bf5 24. Bf3 Bg6 25. Qxg6 Nxg6 26. Nf7+ Kg8 27.
Nxd8 Rxd8 28. Rad1 Rb8 29. Bd5+ Kf8 30. Bb3 a5 31. Rd7 Nh8 32. Ra7 Rc8 33. Rxa5
Ng6 34. Ra7 Nh8 35. g3 h5 36. Ree7 Rc1+ 37. Kg2 Rc8 38. Rxg7 h4 39. Rh7 Ng6 40.
Raf7+ Ke8 41. gxh4 Rc5 42. h5 Rg5+ 43. Kf1 Nf8 44. Rh8 Rg8 45. Rxg8 Kd8 46.
Rgxf8# 1-0

[Event "Paris-ch Open B"]
[Site "Paris"]
[Date "2011.07.08"]
[Round "7.8"]
[White "Aboukalloub, Ahmed"]
[Black "Collette, Gilles"]
[Result "0-1"]
[WhiteElo "1199"]
[BlackElo "1895"]
[PlyCount "50"]
[EventDate "2011.07.??"]

1. e4 e5 2. Nc3 Nf6 3. f4 d5 4. exd5 exf4 5. Nf3 Bd6 6. d4 O-O 7. Be2 Nbd7 8.
O-O Nb6 9. Ne5 Nfxd5 10. Nxd5 Nxd5 11. Bxf4 Nxf4 12. Rxf4 Qg5 13. Qf1 c5 14.
Rxf7 Be6 15. Bc4 Qh6 16. Bxe6 Qxe6 17. Qc4 Qxc4 18. Rxf8+ Rxf8 19. Nxc4 cxd4
20. Na5 Rc8 21. Rc1 d3 22. c3 Bc5+ 23. Kh1 d2 24. Rf1 Rd8 25. Rd1 Re8 0-1

[Event "Paris-ch Open B"]
[Site "Paris"]
[Date "2011.07.08"]
[Round "7.9"]
[White "Strovsky, Mikhail"]
[Black "Caille, Vincent"]
[Result "1/2-1/2"]
[WhiteElo "1879"]
[BlackElo "1802"]
[PlyCount "82"]
[EventDate "2011.07.??"]

1. e4 c5 2. Nf3 Nc6 3. Bb5 g6 4. O-O Bg7 5. c3 e5 6. Re1 Nge7 7. d3 O-O 8. Qe2
h6 9. Nbd2 d6 10. a4 f5 11. Bc4+ Kh7 12. h3 f4 13. Rd1 g5 14. Nh2 Na5 15. Ba2
Bd7 16. Nc4 Nxc4 17. Bxc4 a6 18. Bd2 Qe8 19. Bb3 Nc6 20. Bc2 b5 21. axb5 axb5
22. f3 Qe6 23. Be1 Ra2 24. Rxa2 Qxa2 25. Bb1 Qb3 26. Bf2 Ra8 27. Qd2 b4 28. Nf1
bxc3 29. bxc3 Ra3 30. Rc1 Ra1 31. Bc2 Qa3 32. Rxa1 Qxa1 33. h4 Na7 34. hxg5
hxg5 35. d4 cxd4 36. cxd4 Nb5 37. dxe5 Qxe5 38. Qd3 Nd4 39. Bxd4 Qxd4+ 40. Qxd4
Bxd4+ 41. Kh1 Kg7 1/2-1/2

[Event "Paris-ch Open B"]
[Site "Paris"]
[Date "2011.07.08"]
[Round "7.10"]
[White "Boutant, Jade"]
[Black "Ernouf, Anthony"]
[Result "1/2-1/2"]
[WhiteElo "1752"]
[BlackElo "1874"]
[Annotator "Triger,Franck"]
[PlyCount "120"]
[EventDate "2011.07.??"]

1. c4 e6 2. g3 Nf6 3. Bg2 c6 4. Nf3 d5 5. Qc2 g6 6. b3 Bg7 7. Bb2 O-O 8. O-O
Re8 9. d3 Nbd7 10. Ne5 Qc7 11. Nxd7 Bxd7 12. Nd2 Rac8 13. Rac1 Qd6 14. c5 Qb8
15. h3 e5 16. Kh2 Be6 17. e4 Nh5 18. Rfe1 Bh6 19. Rcd1 Rcd8 20. Nf3 f6 21. b4
dxe4 22. dxe4 Qc7 23. a3 Qf7 24. Rxd8 Rxd8 25. Rd1 Rxd1 26. Qxd1 Qd7 27. Qxd7
Bxd7 28. Bf1 Ng7 29. Kg2 Ne6 30. Bc4 Kf7 31. h4 Ke7 32. Kf1 b6 33. cxb6 axb6
34. Ke2 c5 35. Kd3 Nd4 36. Nxd4 exd4 37. f4 Bf8 38. bxc5 bxc5 39. Bc1 Be6 40.
Bxe6 Kxe6 41. a4 Kd6 42. Kc4 Kc6 43. Bd2 h5 44. Ba5 Be7 45. Bd2 Bd8 46. a5 Be7
47. e5 Bd8 48. a6 fxe5 49. fxe5 Bb6 50. Bf4 Kd7 51. Kd5 Ba7 52. e6+ Kd8 53.
Bg5+ Ke8 54. Kc4 Kf8 55. Bf6 Ke8 56. Kd3 ({Houdini 1.5a w32:} 56. Kd5 {[%eval
1085,20]} d3 57. Bg5 Bb6 58. Kc4 d2 59. Bxd2 Ke7 60. Be3 Kxe6 61. Bxc5) 56...
Kf8 57. Kc4 Ke8 58. Kd5 Kf8 59. Bg5 Ke8 60. Bf4 Kd8 1/2-1/2

[Event "Paris-ch Open B"]
[Site "Paris"]
[Date "2011.07.09"]
[Round "8.1"]
[White "Bazzazi, Elnaz"]
[Black "Taramelli, Marc"]
[Result "1-0"]
[WhiteElo "1711"]
[BlackElo "1853"]
[PlyCount "99"]
[EventDate "2011.07.??"]

1. e4 c5 2. Nf3 d6 3. d4 cxd4 4. Nxd4 Nf6 5. Nc3 a6 6. Be3 e6 7. Bc4 Qc7 8. Bb3
b5 9. O-O Bb7 10. f3 Be7 11. Bxe6 fxe6 12. Nxe6 Qd7 13. Nxg7+ Kf7 14. Nf5 Rd8
15. Qe1 Qe6 16. Rd1 Nbd7 17. Nd5 Nxd5 18. Nh6+ Ke8 19. exd5 Bxd5 20. Qd2 Bb7
21. Rfe1 Ne5 22. Ng4 Bxf3 23. Nf2 Bxd1 24. Qxd1 Qg6 25. Nh3 Qg4 26. Qd5 Qc4 27.
Qd1 Qh4 28. Bf2 Qg4 29. Qd5 Rac8 30. Re4 Qf5 31. Rf4 Qxc2 32. Bb6 Qc4 33. Rxc4
Rxc4 34. Bxd8 Rc1+ 35. Kf2 Ng4+ 36. Kg3 Nf6 37. Qa8 Bxd8 38. Qxa6 Rc5 39. Nf4
Ne4+ 40. Kf3 Ng5+ 41. Kg4 h5+ 42. Nxh5 Ne4 43. Ng7+ Kf7 44. Qb7+ Rc7 45. Qb8
Nf6+ 46. Kf3 Kxg7 47. Qxd8 Rd7 48. Qb8 d5 49. Qxb5 d4 50. Qxd7+ 1-0

[Event "Paris-ch Open B"]
[Site "Paris"]
[Date "2011.07.09"]
[Round "8.2"]
[White "Bourcier, Laurent"]
[Black "Duget, Long Jc"]
[Result "1-0"]
[WhiteElo "1838"]
[BlackElo "1870"]
[PlyCount "101"]
[EventDate "2011.07.??"]

1. e4 c5 2. Nf3 g6 3. d4 cxd4 4. Nxd4 Bg7 5. Nc3 Nc6 6. Be3 Nf6 7. Bc4 Qa5 8.
O-O O-O 9. Bb3 d6 10. h3 Bd7 11. Re1 Qh5 12. f4 Rfd8 13. Qxh5 Nxh5 14. Rad1 Nf6
15. Nxc6 Bxc6 16. Bd4 Bh6 17. f5 Bf4 18. g4 g5 19. Bxf6 exf6 20. Nd5 Be5 21. c3
Rab8 22. Re2 Kg7 23. Kg2 b5 24. Nb4 Rb6 25. Bd5 Bxd5 26. exd5 a5 27. Nc6 Ra8
28. a3 a4 29. Re4 h5 30. Rb4 hxg4 31. hxg4 Raa6 32. Rh1 Ra8 33. Kf3 Raa6 34.
Ke2 Bf4 35. Re4 Be5 36. Re3 Rxc6 37. dxc6 Rxc6 38. Reh3 Kf8 39. Rh8+ Ke7 40.
Rb8 d5 41. Rxb5 d4 42. cxd4 Bxd4 43. Rb7+ Kd6 44. Kd3 Be5 45. Rh8 Kc5 46. Rd8
Bh2 47. Rd4 Be5 48. Rc4+ Kd6 49. Rxc6+ Kxc6 50. Rb4 Kc5 51. Kc2 1-0

[Event "Paris-ch Open B"]
[Site "Paris"]
[Date "2011.07.09"]
[Round "8.3"]
[White "Bonneville, Thaymour"]
[Black "Stark, Gabriel"]
[Result "1-0"]
[WhiteElo "1864"]
[BlackElo "1786"]
[PlyCount "75"]
[EventDate "2011.07.??"]

1. e4 e6 2. d4 d5 3. Nc3 Nf6 4. e5 Nfd7 5. f4 a6 6. Nf3 c5 7. Be2 Nc6 8. Be3
Qb6 9. Na4 Qa5+ 10. Nc3 cxd4 11. Nxd4 Nxd4 12. Bxd4 Bc5 13. O-O Qb6 14. Bxc5
Nxc5 15. Qd4 Bd7 16. a4 Rc8 17. Rfb1 Qc7 18. b4 Ne4 19. Nxe4 dxe4 20. c4 O-O
21. Qxe4 Bc6 22. Qe3 Rfd8 23. Rc1 Be8 24. b5 Qc5 25. Qxc5 Rxc5 26. Rd1 Rdc8 27.
Rd6 axb5 28. axb5 Kf8 29. Ra7 Rb8 30. Kf2 Ke7 31. Ke3 Rc7 32. Kd4 Rd7 33. Bf3
b6 34. Rdxd7+ Bxd7 35. Bc6 Rd8 36. c5 bxc5+ 37. Kxc5 Ke8 38. Rxd7 1-0

[Event "Paris-ch Open B"]
[Site "Paris"]
[Date "2011.07.09"]
[Round "8.4"]
[White "Mkhitarian, Aram"]
[Black "Chang, Xavier"]
[Result "1-0"]
[WhiteElo "1835"]
[BlackElo "1897"]
[PlyCount "67"]
[EventDate "2011.07.??"]

1. d4 f5 2. g3 Nf6 3. Bg2 g6 4. Nf3 Bg7 5. Bf4 d6 6. O-O O-O 7. c4 Nc6 8. Nc3
Nh5 9. Bg5 h6 10. Bc1 e5 11. dxe5 dxe5 12. Qxd8 Nxd8 13. Nd5 c6 14. Ne7+ Kf7
15. Nxc8 Rxc8 16. Rd1 e4 17. Nd4 Ne6 18. Nxe6 Kxe6 19. Be3 c5 20. f3 Nf6 21.
Rd2 b6 22. Rad1 Ke7 23. fxe4 fxe4 24. Bf4 Rfd8 25. Bd6+ Ke8 26. e3 Ng4 27. Bxe4
Rxd6 28. Rxd6 Nxe3 29. Bxg6+ Kf8 30. Rd8+ Rxd8 31. Rxd8+ Ke7 32. Re8+ Kf6 33.
Rxe3 Kxg6 34. Re2 1-0

[Event "Paris-ch Open B"]
[Site "Paris"]
[Date "2011.07.09"]
[Round "8.5"]
[White "Collette, Gilles"]
[Black "Succar, Marc"]
[Result "1-0"]
[WhiteElo "1895"]
[BlackElo "1781"]
[PlyCount "33"]
[EventDate "2011.07.??"]

1. e4 e5 2. Nf3 Nc6 3. Bc4 Bc5 4. b4 Bxb4 5. c3 Be7 6. d4 exd4 7. cxd4 d6 8.
O-O Nf6 9. Re1 d5 10. exd5 Nxd5 11. Ne5 Na5 12. Nxf7 Kxf7 13. Qf3+ Ke8 14. Bxd5
Rf8 15. Qh5+ g6 16. Qxh7 Rf5 17. Qxg6+ 1-0

[Event "Paris-ch Open B"]
[Site "Paris"]
[Date "2011.07.09"]
[Round "8.6"]
[White "Baudin, Vincent"]
[Black "Belardello, Mario-Jovani"]
[Result "0-1"]
[WhiteElo "1774"]
[BlackElo "1877"]
[PlyCount "84"]
[EventDate "2011.07.??"]

1. d4 d5 2. c4 c6 3. g3 Nf6 4. Bg2 a6 5. Nf3 b5 6. cxb5 cxb5 7. O-O e6 8. a4 b4
9. Nbd2 Be7 10. Ne5 Bb7 11. Nb3 Nbd7 12. Bd2 Nxe5 13. dxe5 Nd7 14. f4 Qb6+ 15.
Kh1 O-O 16. Be1 Rac8 17. Bf2 Qd8 18. Qd3 Nc5 19. Nxc5 Bxc5 20. Bxc5 Rxc5 21.
Rfc1 Qc7 22. Rxc5 Qxc5 23. Bf3 Rc8 24. Rd1 Qc6 25. b3 Qc2 26. Rd2 Qxd3 27. Rxd3
a5 28. Kg1 Ba6 29. Rd2 h6 30. Kf2 Rc3 31. Rb2 g5 32. e3 Bd3 33. Bd1 Kg7 34. Ke1
Kg6 35. Rd2 Be4 36. Ke2 gxf4 37. gxf4 Kf5 38. Kf2 Rc8 39. Kg3 Rg8+ 40. Kh4 Rg1
41. Kh5 Rxd1 42. Rxd1 Bf3+ 0-1

[Event "Paris-ch Open B"]
[Site "Paris"]
[Date "2011.07.09"]
[Round "8.7"]
[White "Brumant, Jean-Claude"]
[Black "Durand, Sylvain"]
[Result "0-1"]
[WhiteElo "1740"]
[BlackElo "1873"]
[PlyCount "138"]
[EventDate "2011.07.??"]

1. e4 c5 2. c3 Nf6 3. e5 Nd5 4. d4 e6 5. f4 Nc6 6. Nf3 cxd4 7. cxd4 Bb4+ 8. Kf2
b6 9. a3 Be7 10. Nc3 d6 11. Bb5 Bb7 12. exd6 Bxd6 13. Re1 O-O 14. Nxd5 exd5 15.
Bd3 h6 16. b4 Qf6 17. g3 Rfe8 18. Bb2 Ne7 19. Ne5 Ng6 20. Qg4 Bc8 21. Nd7 Qd8
22. Rxe8+ Qxe8 23. Bb5 h5 24. Qxg6 Bxd7 25. Qxd6 Bxb5 26. Re1 Qd8 27. Qxd8+
Rxd8 28. Rc1 Rd7 29. Rc2 Kh7 30. Bc1 Kg6 31. Be3 Kf5 32. h3 Ke4 33. Rc3 Bc4 34.
g4 hxg4 35. hxg4 a5 36. Kg3 axb4 37. axb4 Ra7 38. Bf2 Bd3 39. Rc8 Bc4 40. Re8+
Kd3 41. Re3+ Kd2 42. Kf3 Bd3 43. Be1+ Kc2 44. f5 Be4+ 45. Kf4 f6 46. Rc3+ Kd1
47. Bf2 Ra4 48. Rh3 Rxb4 49. Rc3 Kd2 50. Rc7 Rb3 51. g5 Rf3+ 52. Kg4 Rxf2 53.
gxf6 gxf6 54. Rc6 Rxf5 55. Rxb6 Rf1 56. Rb3 f5+ 57. Kg3 f4+ 58. Kg4 f3 59. Kg3
Rc1 60. Kf2 Rc4 61. Rb2+ Kd3 62. Ke1 Rxd4 63. Kd1 Ke3+ 64. Ke1 f2+ 65. Rxf2
Rd1+ 66. Kxd1 Kxf2 67. Kd2 d4 68. Kd1 Ke3 69. Ke1 Bf3 0-1

[Event "Paris-ch Open B"]
[Site "Paris"]
[Date "2011.07.09"]
[Round "8.8"]
[White "Schmit, Vincent"]
[Black "Touati, Bruno"]
[Result "1-0"]
[WhiteElo "1808"]
[BlackElo "1861"]
[PlyCount "51"]
[EventDate "2011.07.??"]

1. e4 d5 2. Nc3 d4 3. Nce2 c5 4. Ng3 e5 5. Nf3 Bd6 6. Bc4 Nf6 7. d3 O-O 8. Bg5
h6 9. Bd2 a6 10. Nh4 b5 11. Bb3 Nc6 12. Ngf5 Ne7 13. Nxh6+ gxh6 14. Bxh6 c4 15.
dxc4 Bb4+ 16. Kf1 Nxe4 17. Qh5 bxc4 18. Qxe5 Nd2+ 19. Kg1 f6 20. Qg3+ Kf7 21.
Qg7+ Ke6 22. Re1+ Kd6 23. Bf4+ Kd5 24. Ba4 Nf5 25. Re5+ Kd6 26. Re8+ 1-0

[Event "Paris-ch Open B"]
[Site "Paris"]
[Date "2011.07.09"]
[Round "8.9"]
[White "Joussim, Philippe"]
[Black "Dagonia, Steve"]
[Result "0-1"]
[WhiteElo "1747"]
[BlackElo "1900"]
[PlyCount "88"]
[EventDate "2011.07.??"]

1. c4 Nc6 2. g3 Nf6 3. Bg2 g6 4. b3 Bg7 5. Bb2 O-O 6. Nc3 d6 7. Nf3 e5 8. d3 d5
9. cxd5 Nxd5 10. Nxd5 Qxd5 11. O-O Qd6 12. Qc1 Re8 13. Rd1 Nd4 14. Qd2 c6 15.
h3 Nxf3+ 16. exf3 Bf5 17. g4 Be6 18. Qe3 Bd5 19. Rab1 Qf6 20. g5 Qf4 21. Qxf4
exf4 22. Bxg7 Kxg7 23. Re1 f6 24. gxf6+ Kxf6 25. Kf1 g5 26. Re2 Rxe2 27. Kxe2
Re8+ 28. Kd2 h5 29. Bh1 a5 30. b4 axb4 31. Rxb4 b5 32. a4 Rb8 33. h4 Kf5 34.
hxg5 Kxg5 35. Bg2 Kf5 36. Bh3+ Ke5 37. axb5 Rxb5 38. d4+ Kd6 39. Rxb5 cxb5 40.
Kc3 Bxf3 41. Bf1 Bc6 42. Bh3 h4 43. Bf5 Bg2 44. Kb4 h3 0-1